000 00524nam a22002297a 4500
003 UA-OsUOA
001 87037
007 ta
008 20120913b un ||||| |||| 00| 0 ukr d
100 _aЧуковський К.
090 _a82.09
_bЧ - 88
942 _cBK
040 _aUA-OsUOA
_brus
_cUA-OsUOA
_dUA-OsUOA
245 _aМастерство Некрасова
300 _a727 с.
955 _a3
041 _arus
080 _a82.09
260 _aМ.
_bГИХЛ
_c1962
650 7 _2UDC
999 _c373335
_d373335